| 000 | 00590nam a2200205Ii 4500 | ||
|---|---|---|---|
| 001 | 17563 | ||
| 003 | CO-ViMGA | ||
| 008 | 241108s9999||||xx |||||||||||||| ||und|| | ||
| 040 |
_aCO-ViMGA _bspa _erda _cCO-ViMGA |
||
| 041 | 0 | _aspa | |
| 082 | 0 | 4 | _a943.086 T72u |
| 100 | 1 |
_aAdolf Hitler _944227 |
|
| 245 | 1 | 0 | _aLos últimos días de Hitler |
| 264 | 1 | _aBogotá, Colombia : Círculo de Lectores, 1995 | |
| 300 | _avolumen | ||
| 336 |
_atext _btxt _2rdacontent |
||
| 337 |
_aunmediated _bn _2rdamedia |
||
| 338 |
_avolume _bnc _2rdacarrier |
||
| 940 | _aidficha_siabuc: 17227. -- ficha_no_siabuc:17563 | ||
| 999 |
_c38681 _d38681 |
||